[Event "ESP-ch Seniors 50+"]
[Site "Altea"]
[Date "2017.10.08"]
[Round "2"]
[White "Serrano Marhuenda, Salvador"]
[Black "Brusi Noguera, Ricardo Ll"]
[Result "1-0"]
[WhiteElo "2012"]
[BlackElo "2156"]
[PlyCount "161"]
[EventDate "2017.10.07"]
[EventType "swiss"]
[EventRounds "9"]
[EventCountry "ESP"]
[SourceTitle "CBM 181 Extra"]
[Source "ChessBase"]
[SourceDate "2017.12.12"]
[SourceVersion "1"]
[SourceVersionDate "2017.12.12"]
[SourceQuality "1"]

1. e4 Nf6 2. Nc3 d5 3. exd5 Nxd5 4. Bc4 c6 5. Qf3 e6 6. d4 Nb6 7. Bb3 Qxd4 8. Nge2 Qh4 9. Bf4 Bb4 10. 0-0-0 Nd5 11. g3 Qe7 12. Bxd5 exd5 13. Rxd5 0-0 14. Re5 Be6 15. Nd4 Nd7 16. Re2 Qf6 17. Rd1 Nb6 18. Nxe6 fxe6 19. Ne4 Qg6 20. Qb3 Be7 21. Nc3 Bg5 22. Bxg5 Qxg5+ 23. f4 Qh5 24. Qxe6+ Kh8 25. Rde1 Rab8 26. h4 Qf3 27. Qe3 Qg4 28. b3 h6 29. a4 Qf5 30. Qe5 Qg4 31. Re3 a6 32. Qe6 Qh5 33. Re5 Qf3 34. R1e3 Qf2 35. a5 Nc8 36. Rd3 Na7 37. Ne4 Qe1+ 38. Kb2 Nb5 39. Nc3 Qf2 40. Nxb5 cxb5 41. Re2 Qc5 42. Qe7 Qc6 43. Rd7 Qf6+ 44. Qxf6 Rxf6 45. h5 b6 46. axb6 Rfxb6 47. Ree7 Rg8 48. f5 Rc6 49. g4 Rgc8 50. Re2 b4 51. Red2 Kh7 52. R7d6 a5 53. R6d5 Ra8 54. Rb5 Kg8 55. Rd7 Rac8 56. Rd2 Ra8 57. Rb7 Kh8 58. Rbd7 Kh7 59. R2d6 Rxd6 60. Rxd6 Kg8 61. Rd5 Kf7 62. Rd7+ Kf6 63. Rd6+ Kf7 64. Kc1 Ra7 65. Kd2 Ra8 66. Rc6 Ra7 67. Ke3 Rd7 68. Rc5 Ra7 69. Kf4 a4 70. bxa4 Rxa4 71. Rc4 Ra2 72. g5 hxg5+ 73. Kxg5 Kf8 74. Rc6 Ra5 75. Kg6 Ra8 76. h6 gxh6 77. f6 h5 78. Rc7 Kg8 79. Rg7+ Kh8 80. Rh7+ Kg8 81. f7+ 1-0

[Event "Alcoy Region-ch"]
[Site "Alcoy"]
[Date "2016.10.29"]
[Round "4"]
[White "Serrano Marhuenda, Salvador"]
[Black "Serarols Mabras, Bernat"]
[Result "0-1"]
[WhiteElo "2074"]
[BlackElo "2243"]
[PlyCount "126"]
[EventDate "2016.10.01"]
[EventType "swiss"]
[EventRounds "7"]
[EventCountry "ESP"]
[SourceTitle "EXT 2024"]
[Source "ChessBase"]
[SourceDate "2023.10.10"]
[SourceVersion "1"]
[SourceVersionDate "2023.10.10"]
[SourceQuality "1"]

1. e4 c5 2. Nc3 Nc6 3. g3 g6 4. Bg2 Bg7 5. d3 d6 6. f4 e6 7. Nf3 Nge7 8. 0-0 0-0 9. g4 f5 10. g5 fxe4 11. dxe4 d5 12. e5 Nf5 13. Ne2 b5 14. Ng3 Nce7 15. c3 a5 16. Nh1 Ba6 17. Re1 d4 18. Nf2 Nd5 19. cxd4 cxd4 20. Nxd4 Nxd4 21. Qxd4 Nxf4 22. Qxd8 Raxd8 23. Bxf4 Rxf4 24. Rad1 Rxd1 25. Rxd1 Bxe5 26. Rd8+ Rf8 27. Rd2 Bf4 28. Re2 Bxg5 29. Rxe6 Bc8 30. Re5 Bf6 31. Bd5+ Kg7 32. Re2 Bd4 33. Kg2 Rxf2+ 34. Rxf2 Bxf2 35. Kxf2 Kf6 36. a3 Ke5 37. Bc6 b4 38. axb4 axb4 39. Ke3 Be6 40. Bf3 Bd5 41. Be2 h6 42. Bd3 Bf7 43. Be4 g5 44. Bf3 h5 45. Be2 g4 46. Bd1 Be6 47. Be2 h4 48. Bd3 Bd5 49. Bf1 Bc6 50. Be2 g3 51. hxg3 hxg3 52. Bf1 g2 53. Bxg2 Bxg2 54. Kd3 Bf1+ 55. Kc2 Bc4 56. Kb1 Bb3 57. Kc1 Ba2 58. Kc2 Kd4 59. Kd2 Bb1 60. Kc1 Bh7 61. Kd2 Kc4 62. Kd1 Kb3 63. Kc1 Bg6 0-1

[Event "ESP-ch Seniors 50"]
[Site "Altea"]
[Date "2016.10.13"]
[Round "6"]
[White "Ruiz Bellon, Manuel"]
[Black "Serrano Marhuenda, Salvador"]
[Result "0-1"]
[WhiteElo "2006"]
[BlackElo "2074"]
[PlyCount "111"]
[EventDate "2016.10.09"]
[EventType "swiss"]
[EventRounds "9"]
[EventCountry "ESP"]
[SourceTitle "EXT 2024"]
[Source "ChessBase"]
[SourceDate "2023.10.10"]
[SourceVersion "1"]
[SourceVersionDate "2023.10.10"]
[SourceQuality "1"]

1. e4 c5 2. Nf3 e6 3. d3 Nc6 4. g3 g6 5. Bg2 Bg7 6. 0-0 d6 7. Re1 Nge7 8. Nbd2 0-0 9. Nf1 h6 10. c3 e5 11. Ne3 Be6 12. Nh4 d5 13. c4 dxe4 14. dxe4 Nd4 15. Nd5 Kh7 16. Be3 Nec6 17. Nf3 b6 18. Qd2 Bg4 19. Bxd4 cxd4 20. h3 Be6 21. Re2 Rc8 22. Ne1 h5 23. Nd3 Bh6 24. f4 h4 25. g4 exf4 26. N3xf4 Qg5 27. Rf1 Qe5 28. b3 Kg7 29. Qe1 Bg5 30. Nd3 Qg3 31. Qxg3 hxg3 32. Rf3 f6 33. Rxg3 Ne5 34. Nxe5 fxe5 35. Rf3 Rxf3 36. Bxf3 b5 37. Rc2 bxc4 38. Rxc4 Rxc4 39. bxc4 d3 40. Kf1 Bd7 41. Bd1 Bc6 42. Kf2 Kf7 43. Kf3 a5 44. Ne3 Ke6 45. Ng2 Kd6 46. h4 Bc1 47. Ne3 Be8 48. Kf2 Kc5 49. h5 Kd4 50. Nd5 gxh5 51. gxh5 Bg5 52. Nc7 Bf7 53. Nb5+ Kc5 54. Na3 Bc1 55. Nb5 Bxc4 56. Ke1 0-1

[Event "ESP-ch Seniors 50"]
[Site "Altea"]
[Date "2016.10.12"]
[Round "4"]
[White "Pastor Alonso de Prado, Emilio Alberto"]
[Black "Serrano Marhuenda, Salvador"]
[Result "1/2-1/2"]
[WhiteElo "2177"]
[BlackElo "2074"]
[PlyCount "83"]
[EventDate "2016.10.09"]
[EventType "swiss"]
[EventRounds "9"]
[EventCountry "ESP"]
[SourceTitle "EXT 2024"]
[Source "ChessBase"]
[SourceDate "2023.10.10"]
[SourceVersion "1"]
[SourceVersionDate "2023.10.10"]
[SourceQuality "1"]

1. e4 c5 2. c3 Nf6 3. e5 Nd5 4. d4 cxd4 5. Nf3 e6 6. cxd4 d6 7. Nc3 Nc6 8. Bd3 Be7 9. 0-0 0-0 10. Re1 dxe5 11. dxe5 Ncb4 12. Nxd5 Qxd5 13. Be4 Qxd1 14. Rxd1 Rb8 15. Be3 b6 16. a3 Na6 17. Nd4 Bb7 18. Nc6 Bxc6 19. Bxc6 Rfd8 20. b4 Kf8 21. Kf1 Rxd1+ 22. Rxd1 Rd8 23. Rxd8+ Bxd8 24. Ke2 Bc7 25. Bd4 Nb8 26. Ba4 a6 27. Ke3 Ke7 28. f4 Nd7 29. h4 g6 30. Bd1 h5 31. Be2 Nb8 32. Bf3 Kd7 33. g4 hxg4 34. Bxg4 Nc6 35. Bc3 Ne7 36. Ke4 Nd5 37. Bd2 Bd8 38. h5 f5+ 39. exf6 Nxf6+ 40. Kf3 gxh5 41. Bh3 Bc7 42. Bf1 1/2-1/2

[Event "Alcoy Region-ch"]
[Site "Alcoy"]
[Date "2016.10.08"]
[Round "2"]
[White "Serrano Marhuenda, Salvador"]
[Black "Cruz Lledo, Pablo"]
[Result "0-1"]
[WhiteElo "2074"]
[BlackElo "2415"]
[PlyCount "90"]
[EventDate "2016.10.01"]
[EventType "swiss"]
[EventRounds "7"]
[EventCountry "ESP"]
[SourceTitle "EXT 2024"]
[Source "ChessBase"]
[SourceDate "2023.10.10"]
[SourceVersion "1"]
[SourceVersionDate "2023.10.10"]
[SourceQuality "1"]

1. e4 c6 2. d4 d5 3. Nc3 dxe4 4. Nxe4 Nf6 5. Ng3 h5 6. h4 Bg4 7. f3 Qc7 8. N1e2 Bd7 9. c3 e6 10. Bf4 Qb6 11. Qb3 c5 12. 0-0-0 Nc6 13. Kb1 Qxb3 14. axb3 0-0-0 15. Bg5 Be7 16. dxc5 Bxc5 17. Nc1 Be7 18. Be2 Nd5 19. Bd2 e5 20. Bd3 g6 21. Ne4 Bf5 22. Bc2 Rd7 23. Ne2 Rhd8 24. Kc1 Bxe4 25. Bxe4 f5 26. Bc2 Bc5 27. Kb1 Be3 28. Be1 Nce7 29. g3 Nf6 30. Rxd7 Rxd7 31. c4 Nc6 32. Bc3 Nd4 33. Bxd4 Bxd4 34. Rd1 Bf2 35. Rxd7 Kxd7 36. Kc1 e4 37. fxe4 Nxe4 38. Bxe4 fxe4 39. Kd2 Ke6 40. b4 a6 41. b3 Kf5 42. c5 Kg4 43. Nf4 Kf3 44. Nxg6 Bxg3 45. Ne7 e3+ 0-1

[Event "ESP-ch Seniors 11th"]
[Site "Alicante"]
[Date "2013.10.??"]
[Round "8.6"]
[White "Serrano Marhuenda, Salvador"]
[Black "Simon Padros, Emili"]
[Result "1/2-1/2"]
[WhiteElo "2070"]
[BlackElo "2215"]
[PlyCount "122"]
[EventDate "2013.10.05"]
[EventType "swiss"]
[EventRounds "9"]
[EventCountry "ESP"]
[SourceTitle "EXT 2024"]
[Source "ChessBase"]
[SourceDate "2023.10.10"]
[SourceVersion "1"]
[SourceVersionDate "2023.10.10"]
[SourceQuality "1"]

1. e4 e6 2. d4 d5 3. Nc3 Bb4 4. e5 c5 5. a3 Bxc3+ 6. bxc3 Qc7 7. Nf3 Ne7 8. Bd3 b6 9. 0-0 Ba6 10. Bxa6 Nxa6 11. Qe2 Nb8 12. a4 0-0 13. Ba3 Nd7 14. Rfd1 Rfe8 15. c4 Rac8 16. c3 dxc4 17. Qxc4 Nd5 18. Re1 cxd4 19. Qxc7 Rxc7 20. cxd4 Rc4 21. Bd6 a5 22. Kf1 Rec8 23. g3 h6 24. Kg2 Nc3 25. Re3 Nxa4 26. d5 exd5 27. e6 fxe6 28. Rxe6 Nac5 29. Re7 Re4 30. Re1 Rxe1 31. Nxe1 Rc6 32. Bxc5 Nxc5 33. Re8+ Kf7 34. Rd8 Ke6 35. Nf3 Nb3 36. Re8+ Kf6 37. h4 Rd6 38. g4 d4 39. g5+ Kf7 40. Ra8 d3 41. Ra7+ Kf8 42. Ra8+ Ke7 43. Ra7+ Kd8 44. Rxg7 hxg5 45. hxg5 d2 46. Nxd2 Nxd2 47. f4 a4 48. f5 Ne4 49. Kf3 Nxg5+ 50. Rxg5 Ke7 51. Ke4 Rf6 52. Ke5 Rc6 53. Rg7+ Kf8 54. Ra7 Rc5+ 55. Ke6 Rc6+ 56. Ke5 b5 57. Rb7 Rc5+ 58. Ke6 Rc6+ 59. Ke5 Ra6 60. Rxb5 a3 61. Ra5 Ra8 1/2-1/2

[Event "Valencia-ch"]
[Site "Valencia"]
[Date "2012.04.21"]
[Round "5"]
[White "Torres Sanchez, Jose"]
[Black "Serrano Marhuenda, Salvador"]
[Result "0-1"]
[WhiteElo "2319"]
[BlackElo "2093"]
[PlyCount "104"]
[EventDate "2012.04.14"]
[EventType "swiss"]
[EventRounds "7"]
[EventCountry "ESP"]
[SourceTitle "CBM 148 Extra"]
[Source "ChessBase"]
[SourceDate "2012.06.22"]
[SourceVersion "1"]
[SourceVersionDate "2012.06.22"]
[SourceQuality "1"]

1. e4 c5 2. Nf3 e6 3. c3 Nf6 4. e5 Nd5 5. d4 cxd4 6. Qxd4 Nc6 7. Qe4 d6 8. Bb5 Bd7 9. a4 a6 10. Be2 dxe5 11. Nxe5 Nf6 12. Qe3 Nd5 13. Qg3 Nxe5 14. Qxe5 Bc6 15. 0-0 Qf6 16. Qg3 Qg6 17. Qh3 Bd6 18. Na3 0-0 19. Bd3 f5 20. Nc4 Bc7 21. Re1 Rad8 22. Bf1 Qf6 23. Qh5 h6 24. Qe2 Rfe8 25. Ne5 Bxe5 26. Qxe5 Qxe5 27. Rxe5 Kf7 28. a5 Nf6 29. Re1 e5 30. c4 Be4 31. Ra3 f4 32. b4 Bf5 33. b5 g5 34. bxa6 bxa6 35. c5 Rc8 36. Bxa6 Rxc5 37. Bd2 Rb8 38. Bf1 Ne4 39. Bc1 Rb1 40. f3 Rcxc1 41. Rxc1 Rxc1 42. fxe4 Bxe4 43. a6 Bd5 44. Ra5 Bc4 45. g4 fxg3 46. a7 Rxf1+ 47. Kg2 gxh2 48. Kxh2 Bd5 49. Rxd5 Ra1 50. Rd7+ Kg6 51. Kg3 Ra3+ 52. Kf2 h5 0-1

[Event "Provincial-ch Alicante"]
[Site "Valencia Elche"]
[Date "2011.10.01"]
[Round "1.7"]
[White "Serrano Marhuenda, Salvador"]
[Black "Lopez Navarro, Antonio Jose"]
[Result "1-0"]
[WhiteElo "2103"]
[BlackElo "1898"]
[PlyCount "69"]
[EventDate "2011.10.01"]
[EventType "swiss"]
[EventRounds "7"]
[EventCountry "ESP"]
[SourceTitle "EXT 2024"]
[Source "ChessBase"]
[SourceDate "2023.10.10"]
[SourceVersion "1"]
[SourceVersionDate "2023.10.10"]
[SourceQuality "1"]

1. e4 g6 2. d4 Bg7 3. Nc3 d6 4. f4 a6 5. a4 Nd7 6. Nf3 e6 7. Bd3 Ne7 8. 0-0 0-0 9. e5 b6 10. Qe1 Bb7 11. Ne4 Bxe4 12. Bxe4 d5 13. Bd3 c5 14. c3 cxd4 15. cxd4 Nb8 16. Bd2 Nbc6 17. Qe2 a5 18. Bb5 Rc8 19. Rac1 Na7 20. b4 Nxb5 21. Qxb5 Ra8 22. bxa5 bxa5 23. Rc5 h5 24. Bxa5 Qe8 25. Rb1 Nf5 26. Rc7 Qxb5 27. Rxb5 Rfb8 28. Rxb8+ Rxb8 29. Bd2 Bf8 30. a5 Bb4 31. Bxb4 Rxb4 32. a6 Ra4 33. a7 Kg7 34. Ng5 Nxd4 35. Rxf7+ 1-0

[Event "Valenciana Comunity op"]
[Site "L'Alfas del Pi"]
[Date "2011.06.18"]
[Round "5"]
[White "Sanchez Dengra, Barbara"]
[Black "Serrano Marhuenda, Salvador"]
[Result "0-1"]
[WhiteElo "1848"]
[BlackElo "2079"]
[PlyCount "132"]
[EventDate "2011.06.11"]
[EventType "swiss"]
[EventRounds "7"]
[EventCountry "ESP"]
[SourceTitle "EXT 2013"]
[Source "ChessBase"]
[SourceDate "2012.11.22"]
[SourceVersion "1"]
[SourceVersionDate "2012.11.22"]
[SourceQuality "1"]

1. e4 c5 2. Nf3 e6 3. d4 cxd4 4. Nxd4 a6 5. Nc3 Qc7 6. Be2 Nf6 7. 0-0 Nc6 8. Be3 Bb4 9. Na4 0-0 10. Nxc6 bxc6 11. Nb6 Rb8 12. Nxc8 Rfxc8 13. Bxa6 Rf8 14. Bd3 Bd6 15. f4 e5 16. f5 Rxb2 17. g4 h6 18. h4 h5 19. g5 Ng4 20. Bc1 Qa7+ 21. Kg2 Bb4 22. Rf3 Rxa2 23. Rxa2 Qxa2 24. Be2 Qa7 25. Bc4 Qc5 26. Bb3 d5 27. exd5 Rd8 28. c4 cxd5 29. cxd5 e4 30. Rf1 Qc7 31. Bf4 Bd6 32. Qc1 Bxf4 33. Qxf4 Qc3 34. Bd1 Ne3+ 35. Kg1 Nxf1 36. Kxf1 Qd3+ 37. Be2 Qxd5 38. Bxh5 Ra8 39. Be2 e3 40. Qxe3 Qh1+ 41. Kf2 Qxh4+ 42. Kg2 Rd8 43. Qe7 Qd4 44. Kf3 Qd5+ 45. Ke3 Qd6 46. Qxd6 Rxd6 47. Ke4 Kf8 48. Ke5 Ke7 49. Bc4 Rb6 50. Ba2 Rb5+ 51. Ke4 f6 52. gxf6+ gxf6 53. Be6 Kd6 54. Bc8 Rb4+ 55. Kf3 Ke5 56. Be6 Rf4+ 57. Ke3 Rh4 58. Kf3 Rh3+ 59. Kg2 Rc3 60. Kf2 Kf4 61. Bd7 Ke4 62. Be6 Rc2+ 63. Ke1 Ke3 64. Kd1 Rc5 65. Bg8 Rxf5 66. Bh7 Rh5 0-1

[Event "La Roda op 38th"]
[Site "La Roda"]
[Date "2011.04.23"]
[Round "6"]
[White "Kovacevic, Slobodan"]
[Black "Serrano Marhuenda, Salvador"]
[Result "1-0"]
[WhiteElo "2322"]
[BlackElo "2075"]
[PlyCount "118"]
[EventDate "2011.04.20"]
[EventType "swiss"]
[EventRounds "9"]
[EventCountry "ESP"]
[SourceTitle "EXT 2012"]
[Source "ChessBase"]
[SourceDate "2011.11.24"]
[SourceVersion "1"]
[SourceVersionDate "2011.11.24"]
[SourceQuality "1"]

1. d4 Nf6 2. Nf3 g6 3. Bg5 Bg7 4. Nbd2 d6 5. c3 0-0 6. e4 Nbd7 7. Be2 e5 8. dxe5 dxe5 9. 0-0 Qe7 10. b4 h6 11. Bh4 g5 12. Bg3 Rd8 13. Qc2 Nh5 14. Rfe1 Nxg3 15. hxg3 Nf8 16. Nc4 Ng6 17. Nh2 c6 18. Bg4 Bxg4 19. Nxg4 Qe6 20. Qe2 Rd7 21. Nge3 Ne7 22. Red1 Rad8 23. Rxd7 Rxd7 24. Rd1 Kf8 25. g4 Ke8 26. g3 f6 27. Kg2 Bf8 28. a3 b6 29. Rh1 Kd8 30. a4 Kc7 31. Rb1 Rd8 32. Rd1 Rxd1 33. Qxd1 Qd7 34. Qe2 Kb7 35. Nb2 Qe6 36. Qd3 Kc7 37. Nbc4 Qd7 38. Qe2 Qe6 39. Kg1 Qd7 40. Nb2 Qe6 41. Qc2 Kb7 42. Kf1 Kc7 43. Nbc4 Qd7 44. Ke2 Kb7 45. Qa2 Kc7 46. Nd2 Nc8 47. Qg8 Qg7 48. Qb3 Qd7 49. Qc4 Nd6 50. Qa2 Qf7 51. Qb1 Kb7 52. Kf3 h5 53. gxh5 Qxh5+ 54. Kg2 g4 55. Ndc4 Nc8 56. Qd1 Qh3+ 57. Kg1 Kc7 58. Nxg4 Be7 59. Qf3 Qh7 1-0

[Event "Benidorm op U2300 08th"]
[Site "Benidorm"]
[Date "2009.11.28"]
[Round "1"]
[White "Serrano Marhuenda, Salvador"]
[Black "Lopez Colon, Francisco"]
[Result "1-0"]
[WhiteElo "2097"]
[BlackElo "2274"]
[PlyCount "51"]
[EventDate "2009.11.28"]
[EventType "swiss"]
[EventRounds "10"]
[EventCountry "ESP"]
[SourceTitle "CBM 133 Extra"]
[Source "ChessBase"]
[SourceDate "2010.01.05"]
[SourceVersion "1"]
[SourceVersionDate "2010.01.05"]
[SourceQuality "1"]

1. e4 d6 2. d4 Nf6 3. Nc3 g6 4. f4 Bg7 5. Nf3 0-0 6. Bd3 Nfd7 7. 0-0 c5 8. d5 Qa5 9. Kh1 a6 10. Bd2 Qc7 11. a4 e6 12. dxe6 fxe6 13. Ng5 Re8 14. f5 gxf5 15. exf5 Nf6 16. fxe6 h6 17. Rxf6 Bxf6 18. Qh5 Rf8 19. Bh7+ Kh8 20. Nd5 Qg7 21. e7 Bxb2 22. exf8Q+ Qxf8 23. Nf7+ Kxh7 24. Bxh6 Bg4 25. Ng5+ Kg8 26. Qg6+ 1-0

[Event "Albacete op 15th"]
[Site "Albacete"]
[Date "2007.09.07"]
[Round "9"]
[White "Guerra Bastida, Diego"]
[Black "Serrano Marhuenda, Salvador"]
[Result "1-0"]
[WhiteElo "2370"]
[BlackElo "2134"]
[PlyCount "75"]
[EventDate "2007.09.02"]
[EventType "swiss"]
[EventRounds "9"]
[EventCountry "ESP"]
[SourceTitle "CBM 120 Extra"]
[Source "ChessBase"]
[SourceDate "2007.11.01"]
[SourceVersion "1"]
[SourceVersionDate "2007.11.01"]
[SourceQuality "1"]

1. c4 Nf6 2. Nc3 g6 3. g3 Bg7 4. Bg2 0-0 5. e3 e5 6. Nge2 d6 7. 0-0 Re8 8. d3 c6 9. e4 Nbd7 10. h3 h5 11. Bg5 Nf8 12. Qd2 Ne6 13. Be3 h4 14. g4 Nh7 15. f4 exf4 16. Nxf4 Nxf4 17. Bxf4 Be6 18. Kh1 Be5 19. Ne2 c5 20. Rab1 a5 21. Ng1 Rb8 22. a4 b6 23. b3 f6 24. Ne2 Bxf4 25. Rxf4 g5 26. Rf2 Rb7 27. d4 Rd7 28. Rbf1 Rf7 29. Nc3 Ref8 30. Qd3 Kg7 31. d5 Bc8 32. e5 dxe5 33. Be4 f5 34. Bxf5 Bxf5 35. Rxf5 Rxf5 36. Rxf5 Rxf5 37. Qxf5 Qf6 38. Ne4 1-0

[Event "La Roda op 33rd"]
[Site "La Roda"]
[Date "2006.04.15"]
[Round "7"]
[White "Serrano Marhuenda, Salvador"]
[Black "Marholev, Dimitar"]
[Result "0-1"]
[WhiteElo "2194"]
[BlackElo "2419"]
[PlyCount "82"]
[EventDate "2006.04.12"]
[EventType "swiss"]
[EventRounds "9"]
[EventCountry "ESP"]
[SourceTitle "CBM 111 Extra"]
[Source "ChessBase"]
[SourceDate "2006.05.09"]
[SourceVersion "1"]
[SourceVersionDate "2006.05.09"]
[SourceQuality "1"]

1. e4 e5 2. Nf3 Nc6 3. Bb5 a6 4. Ba4 Nf6 5. d3 d6 6. c3 g6 7. 0-0 Bg7 8. Re1 0-0 9. Nbd2 b5 10. Bc2 d5 11. Qe2 Bb7 12. Nf1 Re8 13. Ng3 h6 14. Bd2 Qe7 15. a4 b4 16. Rec1 a5 17. Bb3 Rad8 18. Qe1 Ba6 19. cxb4 Nxb4 20. Bxb4 axb4 21. d4 exd4 22. Nxd4 Nxe4 23. Nc6 Qd7 24. Qxb4 Nxg3 25. hxg3 Bxb2 26. Nxd8 Rxd8 27. Qa5 Bxa1 28. Qxa6 Bd4 29. Qd3 c5 30. Rd1 Qa7 31. Bc2 Rd6 32. Rd2 Kg7 33. Kh2 Rf6 34. Bd1 Bxf2 35. Qxd5 Qc7 36. Rd3 Rf5 37. Qd6 Qa5 38. Qe7 Bd4 39. Bg4 Re5 40. Qd6 Qe1 41. Rd1 Qf2 0-1

[Event "La Roda op 33rd"]
[Site "La Roda"]
[Date "2006.04.13"]
[Round "2.2"]
[White "Serrano Marhuenda, Salvador"]
[Black "Krivoshey, Sergei"]
[Result "0-1"]
[WhiteElo "2194"]
[BlackElo "2531"]
[PlyCount "60"]
[EventDate "2006.04.12"]
[EventType "swiss"]
[EventRounds "9"]
[EventCountry "ESP"]
[SourceTitle "CBM 111 Extra"]
[Source "ChessBase"]
[SourceDate "2006.05.09"]
[SourceVersion "1"]
[SourceVersionDate "2006.05.09"]
[SourceQuality "1"]

1. e4 e6 2. d4 d5 3. Nc3 Bb4 4. e5 c5 5. a3 Bxc3+ 6. bxc3 Ne7 7. a4 Nbc6 8. Nf3 Qa5 9. Qd2 Bd7 10. Be2 cxd4 11. cxd4 Qxd2+ 12. Kxd2 Nf5 13. c3 Na5 14. Kc2 Rc8 15. Bd3 Rc7 16. Bd2 0-0 17. Rhb1 Ne7 18. Kd1 Nc8 19. Rb4 Nb6 20. Be1 f6 21. Ke2 Be8 22. h3 Bh5 23. g4 Bg6 24. Bxg6 hxg6 25. Rb5 Nbc4 26. exf6 gxf6 27. Bd2 b6 28. h4 Nd6 29. Rb4 Ne4 30. Rc1 Rfc8 0-1

[Event "Lorca Narciso Yepes op"]
[Site "Lorca"]
[Date "2006.??.??"]
[Round "?"]
[White "Serrano Marhuenda, Salvador"]
[Black "Ramon Ortiga, Francisco"]
[Result "0-1"]
[WhiteElo "2194"]
[BlackElo "1971"]
[PlyCount "72"]
[EventDate "2006.06.25"]
[EventType "swiss"]
[EventRounds "9"]
[EventCountry "ESP"]
[SourceTitle "CBM 113 Extra"]
[Source "ChessBase"]
[SourceDate "2006.09.14"]
[SourceVersion "1"]
[SourceVersionDate "2006.09.14"]
[SourceQuality "1"]

1. e4 e5 2. Nf3 Nc6 3. Bb5 a6 4. Ba4 Nf6 5. 0-0 b5 6. Bb3 Bb7 7. Re1 Bc5 8. h3 d6 9. c3 0-0 10. d4 Bb6 11. a4 Re8 12. axb5 axb5 13. Rxa8 Qxa8 14. Bg5 Na5 15. Bxf6 Nxb3 16. Nh4 Bxe4 17. Qxb3 gxf6 18. dxe5 Rxe5 19. Qd1 Rg5 20. g4 Re5 21. Nd2 Bc2 22. Qc1 Qe8 23. Ndf3 Re2 24. Rxe2 Qxe2 25. Qe1 Bd3 26. Qxe2 Bxe2 27. Nd2 d5 28. Nf5 Kf8 29. Kg2 c5 30. Ne3 d4 31. cxd4 cxd4 32. Nd5 Ba5 33. b4 Bd8 34. Ne4 Bc4 35. Nexf6 Bxf6 36. Nxf6 d3 0-1

[Event "Benidorm op U2300 04th"]
[Site "Benidorm"]
[Date "2005.11.18"]
[Round "8"]
[White "Cruz Alvarez de Ron, Dan"]
[Black "Serrano Marhuenda, Salvador"]
[Result "1-0"]
[WhiteElo "2244"]
[BlackElo "2186"]
[PlyCount "85"]
[EventDate "2005.11.11"]
[EventType "swiss"]
[EventRounds "9"]
[EventCountry "ESP"]
[SourceTitle "CBM 109 Extra"]
[Source "ChessBase"]
[SourceDate "2006.01.03"]
[SourceVersion "2"]
[SourceVersionDate "2006.01.03"]
[SourceQuality "1"]

1. Nf3 Nf6 2. c4 g6 3. b4 Bg7 4. Bb2 d6 5. d3 0-0 6. Nbd2 Nbd7 7. g3 e5 8. Qc2 c5 9. a3 b6 10. Bg2 Bb7 11. 0-0 Qe7 12. Ne1 Bxg2 13. Nxg2 Rfe8 14. Ne4 Rac8 15. b5 d5 16. Nxf6+ Nxf6 17. cxd5 Nxd5 18. e4 Nc7 19. a4 Qd7 20. Ra3 h5 21. Ne3 Rcd8 22. Nc4 Qh3 23. f3 Rd7 24. Rb3 Ne6 25. a5 bxa5 26. Nxe5 Rb7 27. Ba1 h4 28. Qg2 Qxg2+ 29. Kxg2 hxg3 30. hxg3 Nc7 31. Nc4 Rxb5 32. Rxb5 Nxb5 33. Bxg7 Kxg7 34. Ra1 Rd8 35. Rxa5 a6 36. Nb2 Rd6 37. Kf2 c4 38. Nxc4 Rxd3 39. Rxa6 Nd4 40. Ne5 Rb3 41. Ra7 Kf6 42. f4 Ke6 43. Nxf7 1-0

[Event "Benidorm Bali op-A"]
[Site "Benidorm"]
[Date "2003.11.26"]
[Round "7"]
[White "De la Cruz Sanchez, Carlos Gustavo"]
[Black "Serrano Marhuenda, Salvador"]
[Result "1/2-1/2"]
[WhiteElo "2259"]
[BlackElo "2197"]
[PlyCount "45"]
[EventDate "2003.11.21"]
[EventType "swiss"]
[EventRounds "9"]
[EventCountry "ESP"]
[SourceTitle "CBM 097 Extra"]
[Source "ChessBase"]
[SourceDate "2004.01.13"]
[SourceVersion "1"]
[SourceVersionDate "2004.01.13"]
[SourceQuality "1"]

1. e4 c5 2. Nf3 e6 3. c3 Nc6 4. d4 cxd4 5. cxd4 d5 6. Nc3 dxe4 7. Nxe4 Be7 8. Bd3 Nf6 9. 0-0 0-0 10. Bb1 Nxe4 11. Bxe4 Bf6 12. Be3 Bd7 13. a3 Re8 14. Rc1 Rc8 15. Bb1 g6 16. Qd3 e5 17. dxe5 Nxe5 18. Nxe5 Bxe5 19. Rxc8 Bxc8 20. Qxd8 Rxd8 21. Bxa7 Bxb2 22. Bc5 Be6 23. h3 1/2-1/2

[Event "Autonomico-chT"]
[Site "Aragon"]
[Date "1997.??.??"]
[Round "?"]
[White "Ibanez Aullana, Jose Ramon"]
[Black "Serrano Marhuenda, Salvador"]
[Result "1-0"]
[WhiteElo "2210"]
[BlackElo "2230"]
[PlyCount "127"]
[EventDate "1997.??.??"]
[EventType "team"]
[EventRounds "19"]
[EventCountry "ESP"]
[SourceTitle "EXT 2003"]
[Source "ChessBase"]
[SourceDate "2002.11.25"]
[SourceVersion "1"]
[SourceVersionDate "2002.11.25"]
[SourceQuality "1"]

1. e4 c5 2. Nf3 e6 3. d4 cxd4 4. Nxd4 a6 5. Bd3 Nc6 6. Nxc6 dxc6 7. 0-0 e5 8. Nd2 Nf6 9. Nc4 Bg4 10. f3 Be6 11. Be3 Nd7 12. Be2 Bxc4 13. Bxc4 Be7 14. Rf2 Nf6 15. Rd2 Qc7 16. a4 0-0 17. c3 b5 18. Bb3 Rfd8 19. Rxd8+ Rxd8 20. Qe2 Qb7 21. axb5 cxb5 22. c4 Qc6 23. cxb5 axb5 24. Rc1 Qd7 25. Qc2 h6 26. Bb6 Rb8 27. Be3 Rd8 28. Kf2 Nh5 29. Bd5 Nf4 30. Rd1 Rc8 31. Qb3 Bg5 32. Bxf4 Bxf4 33. g3 Bg5 34. h4 Bf6 35. Kg2 Kf8 36. Rd2 g5 37. hxg5 Bxg5 38. Rc2 Rxc2+ 39. Qxc2 b4 40. Qc4 Be7 41. Bxf7 Qd2+ 42. Kh3 Qd1 43. Bh5 Qd7+ 44. Bg4 Qd6 45. Qc8+ Kg7 46. Be6 Qd8 47. Qb7 Qd6 48. Bb3 Qc5 49. Qd7 Qd6 50. Qe8 Qd8 51. Qf7+ Kh8 52. Kg4 Qf8 53. Kf5 Qxf7+ 54. Bxf7 Kg7 55. Ke6 Bc5 56. Be8 Bf2 57. Kxe5 Bxg3+ 58. f4 Kf8 59. Bh5 Ke7 60. b3 Bh2 61. Kf5 Bg3 62. e5 Bh2 63. Ke4 Bg3 64. f5 1-0